El papel de los derechos de la mujer en el derecho romano : evolución histórica hasta nuestros días /

Bibliographic Details
Other Authors: López Jiménez, José Manuel (Editor), Saldaña Ortega, Virginia (Editor), Martín Moro, Marina (Editor)
Format: Electronic eBook
Language:Spanish
Published: Madrid : Dykinson, S.L., [2025]
Subjects:
Online Access:Digitalia Hispánica

MARC

LEADER 00000nam a2200000 i 4500
001 DIGDYK4143
003 NyNyDIG
007 cr |||||||||||
008 251101s2025 sp ob 000 0 spa d
006 m o d
035 |a (OCoLC)1528347234 
040 |a DGITA  |b eng  |e rda  |e pn  |c DGITA 
020 |a 9791370062309  |q electrónico 
020 |z 9791370061432 
024 7 |a 10.14679/3954  |2 doi 
043 |a aw-----  |a e------  |a ff----- 
050 1 4 |a KJA2213.5.W65 ebook 
245 0 3 |a El papel de los derechos de la mujer en el derecho romano :  |b evolución histórica hasta nuestros días /  |c directores, José Manuel López Jiménez, Virginia Saldaña Ortega, Marina Martín Moro ; María José Bravo Bosch [and 14 others]. 
264 1 |a Madrid :  |b Dykinson, S.L.,  |c [2025] 
300 |a 1 online resource. 
336 |a text  |b txt  |2 rdacontent 
337 |a computer  |b c  |2 rdamedia 
338 |a online resource  |b cr  |2 rdacarrier 
347 |a text file  |2 rdaft 
347 |b PDF 
504 |a Includes bibliographical references. 
588 0 |a Online resource; title from PDF title page (Digitalia, viewed November 1, 2025) 
650 0 |a Women's rights  |z Rome. 
650 0 |a Women (Roman law) 
700 1 |a López Jiménez, José Manuel,  |e editor. 
700 1 |a Saldaña Ortega, Virginia,  |e editor. 
700 1 |a Martín Moro, Marina,  |e editor. 
791 2 |a Digitalia (Firm),  |e distributor. 
793 0 |g Digitalia eBook Collection:  |a Dykinson Editorial 
776 0 8 |i Print version:  |t Papel de los derechos de la mujer en el derecho romano.  |d Madrid : Dykinson, S.L., [2025]  |z 9791370061432 
856 4 0 |3 Digitalia Hispánica  |u https://www.digitaliapublishing.com/a/180045/ 
910 |a Premium collection: 2025